| 000 | 01288nam a2200373 c 4500 | ||
|---|---|---|---|
| 003 | BLK | ||
| 005 | 20250305135444.0 | ||
| 008 | 180409b bul|||||r ||||||| ||bul|| | ||
| 010 | _aKNG00107941000 | ||
| 020 |
_a978-954-9970-15-9 _bиздат.: Аделфи |
||
| 040 | _aBLK | ||
| 041 |
_aBUL _cBUL |
||
| 072 | 7 |
_2bullib _aН86 _xДетска отраслова литература Н |
|
| 080 |
_aОснови на четенето. Методи на обучение в четенето _b372.41 _x _z372.41 |
||
| 139 |
_aВ квартала _bВ 11 |
||
| 245 | 1 | 0 | _aВ квартала |
| 257 | _aIND | ||
| 260 |
_аСофия _bАделфи _c2008 |
||
| 300 |
_a20 с. _bс цв. ил. _c28 см |
||
| 380 | _aDN | ||
| 490 | 1 | _aВесела читанка + Картинен речник | |
| 500 | _aБез сведение за ориг. загл. ; Кор. загл. | ||
| 650 | 4 |
_aЧетене _9177539 |
|
| 653 | _aчитанки | ||
| 653 | _aлитература за деца | ||
| 653 | _aдетска литература | ||
| 659 | _aН | ||
| 852 | _aЦб ІІ 17240 | ||
| 856 | 4 |
_qpdf _u |
|
| 856 | 4 |
_qpdf _u |
|
| 942 |
_cKNG _n0 _04 |
||
| 944 |
_aCR _c18.05.2012 _lГрета Цуфелде _k30537 |
||
| 944 |
_aED _c16.07.2013 _lф / _k |
||
| 999 |
_c102870 _d102870 |
||